000 00664nam a2200229Ia 4500
003 OSt
005 20220923211742.0
006 a|||||r|||| 00| 0
007 ta
008 220922b |||||||| |||| 00| 0 hin d
024 _a46,506
037 _cTextual
040 _aARTS
_cARTS
_bhin
041 _2hin
_ahin
082 _aQ31:2161, 152M3.1
100 _aमहावीर
245 0 _aउत्तराध्ययन सूत्र, हस्तीमल अनु
246 _aUttarādhyayan sūtra, hastīmal anu0
260 _c1983
942 _hQ31:2161, 152M3.1
_cTEXL
_2CC
999 _c303167
_d303167